Saints (Sudden Death) - Statistics

General Stats
  • This quiz has been taken 79 times
  • The average score is 7 of 8
Answers on the Grid
Answers color-coded by a green-red scale on the quiz's grid according to % correct below.
Saint Joseph
Saint Travis
Saint Peter
Saint Patrick
Saint Jaden
Saint Mary
Saint Calvin
Saint Anne
Saint Brian
Saint Charlotte
Saint Craig
Saint Francis
Saint Norman
Saint Sherlock
Saint Andrew
Saint Sherman
 
Answer Stats
Answer % Correct
Saint Peter
99%
Saint Joseph
97%
Saint Patrick
97%
Saint Francis
96%
Saint Andrew
93%
Saint Mary
90%
Saint Anne
82%
Saint Charlotte
37%
No matching quizzes found
Score Distribution
Percent of People with Each Score
Percentile by Number Answered
Your Score History
You have not taken this quiz